000 00600nam a2200241Ia 4500
001 536
005 20240113233418.0
007 ta
008 050119s1969 a g b000 u eng u
020 _cHB
040 _aRef. stack
041 _aeng
082 _a968
_bHo 777 So
100 _aHopkinson, Tom .
245 0 _aSouth Africa /
_cTom Hopkinson.
_hTextual Documents
250 _a1st ed /
260 _aNederland :
_bTime - life International ,
_cc1969.
300 _a159p. :
_bill ;
_c27cm .
653 _aHistory of Africa
942 _2ddc
_cBK
999 _c534
_d534